- Cazes, Sandrine
Entry Nombre Personal
001 - NUMERO DE CONTROL
- campo de control: 45093
003 - IDENTIFICADOR DE NUMERO DE CONTROL
- campo de control: DLC
005 - FECHA Y HORA DE LA ÜLTIMA TRANSACCIÓN
- campo de control: 20220811131810.0
008 - DATOS DE LONGITUD FIJA
- campo de control de longitud fija: 220811n| acannaabn |b aaa c
010 ## - NÚMERO DE CONTROL DE LA BIBLIOTECA DEL CONGRESO
- Número de control LC: no2003040676
035 ## - NUMERO DE CONTROL
- Número de control: (OCoLC)oca06031661
040 ## - FUENTE DE CATALOGACIÓN
- Agencia original de catalogación: DJBF
- Lenguaje de catalogación: spa
- Agencia de transcripción: DJBF
- Agencia que lo modifica: DLC
- Agencia que lo modifica: MX-MxUPN
100 1# - ENCABEZAMIENTO - NOMBRE PERSONAL
- Nombre personal: Cazes, Sandrine
372 ## - CAMPO DE ACTIVIDAD
- Field of activity: Macroeconomía
- Field of activity: Análisis de las políticas e instituciones del mercado laboral
373 ## - GRUPO ASOCIADO
- Associated group: Organización para la Cooperación y el Desarrollo Económicos
- Associated group: Organización Internacional del Trabajo
- Associated group: Observatorio Económico Francés de la Sciences Po (Paris)
374 ## - OCUPACIÓN
- Occupation: Economista
375 ## - GÉNERO
- Gender: femenino
377 ## - LENGUA ASOCIADA
- Language code: spa
- Language code: eng
400 0# - VEÁSE - NOMBRE DE PERSONA
- Personal name: Sangdelin Kazesi
400 1# - VEÁSE - NOMBRE DE PERSONA
- Personal name: Kazesi, Sangdelin
670 ## - FUENTE EN LA QUE SE LOCALIZARON DATOS
- Cita de la fuente: Employment stability in an age of flexibility, c2003:
- Información localizada: portada (Sandrine Cazes)
670 ## - FUENTE EN LA QUE SE LOCALIZARON DATOS
- Cita de la fuente: Zhuan xing zhong de lao dong li shi chang, 2005:
- Información localizada: portada (桑德林·卡则斯 = Sangdelin Kazesi (Sandrine Cazes))
670 ## - FUENTE EN LA QUE SE LOCALIZARON DATOS
- Cita de la fuente: En la obra: Informalidad: implicaciones legislativas y políticas públicas para reducirla, 2017:
- Información localizada: portada (Sandrine Cazes) página 275 (Sandrine Cazes es maestra en Macroeconomía y Econometría por la Universidad de Paris IPantheon Sorbonne y la Ecole Normale Superieure y actualmente se desempeña como economista en la Organización para la Cooperación y el Desarrollo Económicos (OCDE). Sus principales líneas de investigación se relacionan con el análisis de las políticas e instituciones del mercado laboral, la función de las regulaciones en el funcionamiento de dicho mercado [...] Cuenta con experiencia profesional en organismos internacionales como la Organización Internacional del Trabajo y el Observatorio Económico Francés de la Sciences Po, en Paris)
902 ## - CATALOGADOR
- Catalogador: NDAF/110822
